[Event "FICGS rapid A 000139 email"]
[Site "FICGS email"]
[Date "2013.04.08"]
[Round "1"]
[White "Benoit, Sebastien"]
[Black "Skinner, Peter"]
[Result "1-0"]
[WhiteElo "2073"]
[BlackElo "2095"]
[PlyCount "39"]
[EventDate "2013.??.??"]
[EventType "tourn (rapid)"]
[EventRounds "6"]
[SourceTitle "Corr 2022"]
[Source "ChessBase"]
[SourceDate "2021.10.24"]
[SourceVersion "1"]
[SourceVersionDate "2021.10.24"]
[SourceQuality "1"]

1. e4 d6 2. d4 Nf6 3. Nc3 g6 4. Be3 c6 5. Qd2 Bg7 6. f3 b5 7. g4 h5 8. g5 Nfd7 9. f4 Nb6 10. Nf3 0-0 11. Bd3 Bg4 12. 0-0 Qd7 13. f5 b4 14. Ne2 c5 15. dxc5 dxc5 16. Bxc5 Na6 17. Bxa6 Bxf3 18. Qxb4 Bg4 19. fxg6 fxg6 20. Nf4 1-0

[Event "FICGS rapid A 000139 email"]
[Site "FICGS email"]
[Date "2013.04.08"]
[Round "1"]
[White "Gibson, Tim"]
[Black "Benoit, Sebastien"]
[Result "1/2-1/2"]
[WhiteElo "1960"]
[BlackElo "2073"]
[PlyCount "106"]
[EventDate "2013.??.??"]
[EventType "tourn (rapid)"]
[EventRounds "6"]
[SourceTitle "Corr 2022"]
[Source "ChessBase"]
[SourceDate "2021.10.24"]
[SourceVersion "1"]
[SourceVersionDate "2021.10.24"]
[SourceQuality "1"]

1. d4 Nf6 2. c4 c5 3. d5 e6 4. Nc3 exd5 5. cxd5 d6 6. e4 g6 7. Nf3 a6 8. Bf4 b5 9. Qe2 Be7 10. e5 dxe5 11. Bxe5 Nbd7 12. 0-0-0 Nxe5 13. Nxe5 Qd6 14. Nc6 Kf8 15. Nxe7 Qxe7 16. d6 Qe6 17. Qf3 Rb8 18. Bd3 Kg7 19. Rhe1 Qg4 20. Qxg4 Bxg4 21. f3 Be6 22. a4 c4 23. Be4 Rhd8 24. axb5 axb5 25. Bc6 b4 26. Na4 Rdc8 27. d7 Rxc6 28. d8Q Rxd8 29. Rxd8 Ra6 30. Nc5 Ra1+ 31. Kd2 c3+ 32. bxc3 bxc3+ 33. Ke2 Ra2+ 34. Kf1 Bc4+ 35. Kg1 Nd5 36. Rc8 Nf4 37. Ne4 Nxg2 38. Rc1 Nf4 39. Nxc3 Rg2+ 40. Kh1 Be6 41. Rc7 Rf2 42. Ne4 Rxf3 43. Ng5 Rf2 44. Nxe6+ Nxe6 45. R1c2 Rf5 46. Ra7 g5 47. Rca2 h5 48. Kg2 Nf4+ 49. Kf2 Ne6+ 50. Kg2 Rc5 51. h4 g4 52. R7a5 Kg6 53. Rxc5 Nxc5 1/2-1/2

[Event "FICGS rapid A 000120 email"]
[Site "FICGS email"]
[Date "2012.01.29"]
[Round "1"]
[White "Cade, Stephen"]
[Black "Benoit, Sebastien"]
[Result "0-1"]
[WhiteElo "2046"]
[BlackElo "1904"]
[PlyCount "82"]
[EventDate "2012.??.??"]
[EventType "tourn (rapid)"]
[EventRounds "6"]
[SourceTitle "Corr 2022"]
[Source "ChessBase"]
[SourceDate "2021.10.24"]
[SourceVersion "1"]
[SourceVersionDate "2021.10.24"]
[SourceQuality "1"]

1. d4 Nf6 2. c4 c5 3. d5 e6 4. Nc3 exd5 5. cxd5 d6 6. Nf3 g6 7. Bf4 a6 8. a4 Qe7 9. h3 Nbd7 10. e3 Bg7 11. Be2 0-0 12. 0-0 Rb8 13. Bh2 Ne8 14. Nd2 b6 15. e4 Nc7 16. Nc4 Ne5 17. Ne3 f5 18. exf5 gxf5 19. Re1 f4 20. Nc4 Nxc4 21. Bxc4 Qg5 22. Qf3 b5 23. Bd3 c4 24. Bb1 Be5 25. Be4 Bd7 26. axb5 Nxb5 27. Ne2 Nd4 28. Nxd4 Bxd4 29. Rab1 Rb3 30. Qd1 f3 31. g4 Bc5 32. Bg3 Bxg4 33. h4 Qg7 34. Kh2 Kh8 35. Bc2 Bf5 36. Rg1 Rxb2 37. Rxb2 Qxb2 38. Bxf5 Bxf2 39. Bxf2 Qxf2+ 40. Kh3 Rxf5 41. Qa1+ Re5 0-1

[Event "FICGS rapid B 000188 email"]
[Site "FICGS email"]
[Date "2011.10.10"]
[Round "1"]
[White "Yague, Omar"]
[Black "Benoit, Sebastien"]
[Result "0-1"]
[WhiteElo "1789"]
[BlackElo "1845"]
[PlyCount "78"]
[EventDate "2011.??.??"]
[EventType "tourn (rapid)"]
[EventRounds "3"]
[SourceTitle "Corr 2022"]
[Source "ChessBase"]
[SourceDate "2021.10.24"]
[SourceVersion "1"]
[SourceVersionDate "2021.10.24"]
[SourceQuality "1"]

1. Nf3 d5 2. d4 Nf6 3. Nc3 e6 4. e3 c5 5. Bb5+ Bd7 6. 0-0 a6 7. Bxd7+ Nbxd7 8. Re1 cxd4 9. exd4 Qc7 10. Ne5 Nxe5 11. dxe5 Nd7 12. a3 Rc8 13. Be3 b5 14. Bd4 Bc5 15. Qg4 Bxd4 16. Qxd4 0-0 17. Re3 Qb8 18. Rae1 Rc4 19. Qd1 d4 20. Rd3 dxc3 21. b3 Nxe5 22. bxc4 Nxd3 23. Qxd3 Rd8 24. Qxc3 Qc7 25. g3 h6 26. Rb1 bxc4 27. Qf3 Qe5 28. Rb4 Rd4 29. c3 Re4 30. Kg2 f5 31. a4 Qd5 32. Rb8+ Kh7 33. h4 Qd6 34. Rb2 a5 35. h5 Re1 36. g4 Qd8 37. Re2 Rxe2 38. Qxe2 Qd5+ 39. Kg1 fxg4 0-1

[Event "FICGS rapid B 000185 email"]
[Site "FICGS email"]
[Date "2011.08.16"]
[Round "1"]
[White "Benoit, Sebastien"]
[Black "Faust, Dieter"]
[Result "1-0"]
[WhiteElo "1845"]
[BlackElo "1812"]
[PlyCount "73"]
[EventDate "2011.??.??"]
[EventType "tourn (rapid)"]
[EventRounds "6"]
[SourceTitle "Corr 2013"]
[Source "ChessBase"]
[SourceDate "2012.11.12"]
[SourceVersion "1"]
[SourceVersionDate "2012.11.12"]
[SourceQuality "1"]

1. e4 c6 2. d4 d5 3. Nc3 dxe4 4. Nxe4 Nd7 5. Bc4 Ngf6 6. Ng5 e6 7. Qe2 Nb6 8. Bb3 h6 9. N5f3 c5 10. Bf4 Nbd5 11. Be5 Qa5+ 12. Nd2 b5 13. dxc5 Bxc5 14. Ngf3 Ba6 15. 0-0 0-0 16. Bxd5 Nxd5 17. Nb3 Qb6 18. Nxc5 Qxc5 19. Rfe1 Rfe8 20. Bd4 Qc8 21. Rac1 f6 22. Nh4 e5 23. Be3 e4 24. Bd2 Qd7 25. a4 Rab8 26. Rcd1 g5 27. Qh5 gxh4 28. Bxh6 Re5 29. Qxh4 Rbe8 30. axb5 Bxb5 31. b3 Qf5 32. c4 Kf7 33. Rxd5 Rxd5 34. cxd5 Rh8 35. Qf4 Qxd5 36. h3 a6 37. Re3 1-0

[Event "FICGS rapid B 000185 email"]
[Site "FICGS email"]
[Date "2011.08.16"]
[Round "1"]
[White "Benoit, Sebastien"]
[Black "Sternik, Ryszard"]
[Result "1-0"]
[WhiteElo "1845"]
[BlackElo "1789"]
[PlyCount "51"]
[EventDate "2011.??.??"]
[EventType "tourn (rapid)"]
[EventRounds "6"]
[SourceTitle "Corr 2013"]
[Source "ChessBase"]
[SourceDate "2012.11.12"]
[SourceVersion "1"]
[SourceVersionDate "2012.11.12"]
[SourceQuality "1"]

1. e4 e5 2. Nf3 Nc6 3. Bb5 a6 4. Ba4 Nf6 5. 0-0 b5 6. Bb3 Bb7 7. Re1 Bc5 8. c3 d6 9. d3 h6 10. Nbd2 0-0 11. Nf1 Qd7 12. Ng3 a5 13. a4 b4 14. d4 Bb6 15. h3 Rfe8 16. Bxh6 gxh6 17. Qd2 Nh7 18. Qxh6 Re6 19. Qh5 Ne7 20. dxe5 d5 21. exd5 Bxd5 22. Rad1 c6 23. c4 Qa7 24. cxd5 Bxf2+ 25. Kh1 cxd5 26. Bc2 1-0

[Event "FICGS rapid B 000148 email"]
[Site "FICGS email"]
[Date "2010.04.05"]
[Round "1"]
[White "Benoit, Sebastien"]
[Black "Vreugdenhil, Maarten"]
[Result "1-0"]
[WhiteElo "1854"]
[BlackElo "1800"]
[PlyCount "61"]
[EventDate "2010.??.??"]
[EventType "tourn (rapid)"]
[EventRounds "5"]
[SourceTitle "Corr 2013"]
[Source "ChessBase"]
[SourceDate "2012.11.12"]
[SourceVersion "1"]
[SourceVersionDate "2012.11.12"]
[SourceQuality "1"]

1. d4 Nf6 2. Nf3 d5 3. c4 e6 4. Nc3 Nc6 5. Bg5 Be7 6. e3 0-0 7. Rc1 h6 8. Bh4 a5 9. a3 Ne4 10. Bxe7 Nxe7 11. Bd3 Nxc3 12. Rxc3 dxc4 13. Bxc4 Qd6 14. 0-0 Bd7 15. Ne5 Nd5 16. Rc1 Be8 17. Bd3 f6 18. Nc4 Qa6 19. Qf3 Bb5 20. Rfd1 Rad8 21. Qg3 f5 22. h3 c5 23. dxc5 Nf6 24. Qh4 Rd5 25. a4 Bxa4 26. Ne5 Bb5 27. Bxb5 Rxd1+ 28. Rxd1 Qxb5 29. Qc4 Qxc4 30. Nxc4 Ne4 31. c6 1-0

[Event "FICGS rapid B 000145 email"]
[Site "FICGS email"]
[Date "2010.03.05"]
[Round "1"]
[White "Benoit, Sebastien"]
[Black "Sternik, Ryszard"]
[Result "1-0"]
[WhiteElo "1854"]
[BlackElo "1887"]
[PlyCount "153"]
[EventDate "2010.??.??"]
[EventType "tourn (rapid)"]
[EventRounds "6"]
[SourceTitle "Corr 2013"]
[Source "ChessBase"]
[SourceDate "2012.11.12"]
[SourceVersion "1"]
[SourceVersionDate "2012.11.12"]
[SourceQuality "1"]

1. e4 c5 2. Nf3 Nc6 3. Bb5 g6 4. 0-0 Bg7 5. Re1 Nf6 6. Nc3 a6 7. Bxc6 dxc6 8. d3 0-0 9. Be3 b6 10. h3 Nd7 11. Rb1 Qc7 12. Ne2 h6 13. Qd2 Kh7 14. a4 Bb7 15. b4 cxb4 16. Qxb4 c5 17. Qb3 Bc6 18. Bf4 e5 19. Bd2 Qd6 20. Nc3 f5 21. Red1 f4 22. Qc4 Rfb8 23. Rb2 b5 24. axb5 Nb6 25. Qb3 axb5 26. Ra2 Rxa2 27. Qxa2 b4 28. Ne2 Bd7 29. Ra1 Be6 30. Qb2 g5 31. Nc1 g4 32. hxg4 Bxg4 33. Ra7 Bxf3 34. gxf3 Rg8 35. Kf1 Nc8 36. Ra8 Bf6 37. Qa2 Qd7 38. d4 Rg7 39. Nd3 c4 40. Qxc4 Nb6 41. Qa6 Nxa8 42. Qxf6 b3 43. Qxe5 bxc2 44. Qxf4 Rg6 45. d5 Nb6 46. Bc1 Nc4 47. Qb8 Rg8 48. Qb3 Rc8 49. Ke2 Nd6 50. Qb6 h5 51. Bf4 Nf7 52. Qf6 Rg8 53. Kd2 Rg6 54. Qc3 h4 55. Qxc2 h3 56. Ke2 Kg8 57. Qc4 Qe8 58. d6 Qe6 59. Qxe6 Rxe6 60. d7 Kf8 61. Ne5 Nd8 62. Kf1 Rd6 63. Kg1 Nf7 64. Kh2 Nxe5 65. Bxe5 Rxd7 66. Kxh3 Rd2 67. Bg3 Kf7 68. f4 Rd4 69. f3 Rd3 70. Kg4 Rb3 71. f5 Rb4 72. Bh4 Kg7 73. Kg5 Rb5 74. f4 Rb1 75. f6+ Kf7 76. e5 Rb5 77. Kf5 1-0

[Event "FICGS rapid B 000145 email"]
[Site "FICGS email"]
[Date "2010.03.05"]
[Round "1"]
[White "Martinez, Chapo"]
[Black "Benoit, Sebastien"]
[Result "1-0"]
[WhiteElo "1800"]
[BlackElo "1854"]
[PlyCount "67"]
[EventDate "2010.??.??"]
[EventType "tourn (rapid)"]
[EventRounds "6"]
[SourceTitle "Corr 2013"]
[Source "ChessBase"]
[SourceDate "2012.11.12"]
[SourceVersion "1"]
[SourceVersionDate "2012.11.12"]
[SourceQuality "1"]

1. d4 Nf6 2. c4 c5 3. d5 e6 4. Nf3 exd5 5. cxd5 d6 6. Nc3 g6 7. Nd2 Nbd7 8. g3 a6 9. a4 Bg7 10. Bg2 0-0 11. 0-0 Re8 12. h3 Rb8 13. Nc4 Nb6 14. Na3 Bd7 15. a5 Nc8 16. Nc4 Bb5 17. Qb3 Bxc4 18. Qxc4 Nd7 19. Ne4 h6 20. Qc2 Qe7 21. Bf4 f5 22. Nc3 Qf7 23. h4 Ne5 24. Rfe1 Ne7 25. Red1 Qf6 26. Bxe5 Qxe5 27. Rd3 Qf6 28. Re3 Qf7 29. Re6 Rbd8 30. Ra3 Be5 31. Rb3 Nc8 32. h5 gxh5 33. Rxh6 Bg7 34. Re6 1-0

[Event "FICGS rapid B 000145 email"]
[Site "FICGS email"]
[Date "2010.03.05"]
[Round "1"]
[White "Payzansky, Aleksey"]
[Black "Benoit, Sebastien"]
[Result "1/2-1/2"]
[WhiteElo "1798"]
[BlackElo "1854"]
[PlyCount "61"]
[EventDate "2010.??.??"]
[EventType "tourn (rapid)"]
[EventRounds "6"]
[SourceTitle "Corr 2013"]
[Source "ChessBase"]
[SourceDate "2012.11.12"]
[SourceVersion "1"]
[SourceVersionDate "2012.11.12"]
[SourceQuality "1"]

1. e4 c5 2. Nf3 e6 3. d4 cxd4 4. Nxd4 Nc6 5. Nc3 a6 6. Be3 Nf6 7. Be2 Bb4 8. Nxc6 bxc6 9. Bf3 d5 10. exd5 cxd5 11. 0-0 0-0 12. Bd4 Bd6 13. g3 Rb8 14. Re1 Re8 15. Bxf6 gxf6 16. Rb1 Be5 17. Qd2 Qc7 18. Ne2 Bd7 19. c3 f5 20. Nf4 Bxf4 21. gxf4 Qc5 22. b4 Qa7 23. Re3 Red8 24. Bg2 h6 25. Rh3 Kh7 26. c4 dxc4 27. Qc3 Rg8 28. Qf6 Rg6 29. Qxf7+ Rg7 30. Qf6 Rg6 31. Qf7+ 1/2-1/2

[Event "FICGS rapid B 000144 email"]
[Site "FICGS email"]
[Date "2010.03.01"]
[Round "1"]
[White "Payzansky, Aleksey"]
[Black "Benoit, Sebastien"]
[Result "1/2-1/2"]
[WhiteElo "1798"]
[BlackElo "1854"]
[PlyCount "106"]
[EventDate "2010.??.??"]
[EventType "tourn (rapid)"]
[EventRounds "6"]
[SourceTitle "Corr 2013"]
[Source "ChessBase"]
[SourceDate "2012.11.12"]
[SourceVersion "1"]
[SourceVersionDate "2012.11.12"]
[SourceQuality "1"]

1. e4 c5 2. Nf3 d6 3. d4 cxd4 4. Nxd4 Nf6 5. Nc3 a6 6. Bg5 e6 7. f4 Qb6 8. Qd3 Qxb2 9. Rb1 Qa3 10. f5 Qc5 11. Be3 Qc7 12. fxe6 fxe6 13. Qc4 Qxc4 14. Bxc4 Kf7 15. 0-0 Nc6 16. Nxc6 bxc6 17. Be2 Be7 18. Rb6 Bd7 19. Rb7 Rhd8 20. g4 Bc8 21. Rc7 Ke8 22. g5 Nd7 23. Rxc6 Rb8 24. h4 Bb7 25. Rc4 Rdc8 26. Rb1 Ne5 27. Rxc8+ Rxc8 28. Bd4 Rc7 29. Rb3 h6 30. Bb6 Rd7 31. Be3 hxg5 32. hxg5 Nf7 33. Bh5 Kf8 34. Bg4 Bxg5 35. Kf2 Bxe3+ 36. Kxe3 Nd8 37. Nd5 Bxd5 38. exd5 Rc7 39. dxe6 Rc4 40. Bf5 Ke7 41. Ra3 Rc5 42. Kf4 Nxe6+ 43. Bxe6 Kxe6 44. Rxa6 Rxc2 45. a4 Rc4+ 46. Kg5 Ke5 47. a5 d5 48. Ra8 d4 49. a6 Rc7 50. Kg4 Ke4 51. Re8+ Kd3 52. Re5 Ra7 53. Ra5 Ke3 1/2-1/2

[Event "FICGS rapid B 000144 email"]
[Site "FICGS email"]
[Date "2010.03.01"]
[Round "1"]
[White "Piantadosi, Angelo"]
[Black "Benoit, Sebastien"]
[Result "0-1"]
[WhiteElo "1647"]
[BlackElo "1854"]
[PlyCount "22"]
[EventDate "2010.??.??"]
[EventType "tourn (rapid)"]
[EventRounds "6"]
[SourceTitle "Corr 2013"]
[Source "ChessBase"]
[SourceDate "2012.11.12"]
[SourceVersion "1"]
[SourceVersionDate "2012.11.12"]
[SourceQuality "1"]

1. Nf3 Nf6 2. g3 d5 3. Bg2 c6 4. 0-0 Bg4 5. d3 Nbd7 6. Re1 e5 7. Bg5 h6 8. Bxf6 Qxf6 9. Nc3 Be7 10. e4 d4 11. Ne2 Bxf3 0-1

[Event "FICGS rapid C 000080 email"]
[Site "FICGS email"]
[Date "2009.12.19"]
[Round "1"]
[White "Benoit, Sebastien"]
[Black "Price, Eric A Sr"]
[Result "1-0"]
[WhiteElo "1584"]
[BlackElo "1704"]
[PlyCount "69"]
[EventDate "2009.??.??"]
[EventType "tourn (rapid)"]
[EventRounds "4"]
[SourceTitle "Corr 2022"]
[Source "ChessBase"]
[SourceDate "2021.10.24"]
[SourceVersion "1"]
[SourceVersionDate "2021.10.24"]
[SourceQuality "1"]

1. e4 e5 2. Nf3 Nc6 3. Bb5 a6 4. Ba4 Nf6 5. 0-0 Nxe4 6. d4 b5 7. Bb3 d5 8. dxe5 Be6 9. Nbd2 Nc5 10. c3 d4 11. Bxe6 Nxe6 12. cxd4 Ncxd4 13. Ne4 Qd5 14. Nxd4 Nxd4 15. Nc3 Qd7 16. Be3 Bc5 17. Qh5 Qe6 18. Rad1 Rd8 19. Rd3 g6 20. Qd1 Qb6 21. Ne4 0-0 22. Nxc5 Qxc5 23. Rxd4 Rxd4 24. Qxd4 Qe7 25. Rd1 Qe6 26. Qd5 Qf5 27. Rc1 Re8 28. Rxc7 Rxe5 29. Qd8+ Kg7 30. h4 Rd5 31. Bd4+ Kh6 32. Qf8+ Kh5 33. Rxf7 Qb1+ 34. Kh2 h6 35. Rh7 1-0

[Event "FICGS rapid D 000029 email"]
[Site "FICGS email"]
[Date "2009.11.07"]
[Round "1"]
[White "Benoit, Sebastien"]
[Black "Huxtable, Simon"]
[Result "1-0"]
[WhiteElo "1584"]
[BlackElo "1374"]
[PlyCount "43"]
[EventDate "2009.??.??"]
[EventType "tourn (rapid)"]
[EventRounds "5"]
[SourceTitle "Corr 2022"]
[Source "ChessBase"]
[SourceDate "2021.10.24"]
[SourceVersion "1"]
[SourceVersionDate "2021.10.24"]
[SourceQuality "1"]

1. e4 c6 2. d4 d5 3. e5 c5 4. Nf3 Nc6 5. dxc5 Bg4 6. Bb5 e6 7. b4 g6 8. c3 Bg7 9. 0-0 Bxf3 10. Qxf3 Bxe5 11. Bf4 Qc7 12. Bxe5 Qxe5 13. Bxc6+ bxc6 14. Nd2 a5 15. Nc4 Qc7 16. Nd6+ Kf8 17. Rfb1 Ra7 18. b5 cxb5 19. Rxb5 Nh6 20. Qf6 Rg8 21. Rab1 Qe7 22. Rb8+ 1-0

[Event "FICGS rapid D 000029 email"]
[Site "FICGS email"]
[Date "2009.11.07"]
[Round "1"]
[White "Benoit, Sebastien"]
[Black "Payzansky, Aleksey"]
[Result "1-0"]
[WhiteElo "1584"]
[BlackElo "1400"]
[PlyCount "53"]
[EventDate "2009.??.??"]
[EventType "tourn (rapid)"]
[EventRounds "5"]
[SourceTitle "Corr 2022"]
[Source "ChessBase"]
[SourceDate "2021.10.24"]
[SourceVersion "1"]
[SourceVersionDate "2021.10.24"]
[SourceQuality "1"]

1. d4 Nf6 2. c4 g6 3. Nf3 Bg7 4. Nc3 d5 5. g3 dxc4 6. e4 Bg4 7. e5 Nfd7 8. h3 Bxf3 9. Qxf3 Nc6 10. Be3 Nb6 11. 0-0-0 a5 12. Bg2 Qc8 13. Kb1 0-0 14. h4 a4 15. a3 f6 16. e6 f5 17. h5 Qe8 18. Qf4 Rc8 19. hxg6 Qxg6 20. Rh4 h6 21. Rdh1 Qg5 22. Qf3 Qg6 23. Qe2 Rf6 24. d5 Na5 25. g4 f4+ 26. Be4 Qe8 27. Bd4 1-0

[Event "FICGS rapid D 000029 email"]
[Site "FICGS email"]
[Date "2009.11.07"]
[Round "1"]
[White "Stoyanov, Zdravko"]
[Black "Benoit, Sebastien"]
[Result "0-1"]
[WhiteElo "1360"]
[BlackElo "1584"]
[PlyCount "66"]
[EventDate "2009.??.??"]
[EventType "tourn (rapid)"]
[EventRounds "5"]
[SourceTitle "Corr 2022"]
[Source "ChessBase"]
[SourceDate "2021.10.24"]
[SourceVersion "1"]
[SourceVersionDate "2021.10.24"]
[SourceQuality "1"]

1. e4 c5 2. Nf3 d6 3. h3 Nc6 4. Bb5 Bd7 5. 0-0 e6 6. d3 Nf6 7. Bxc6 Bxc6 8. Bg5 Be7 9. Nbd2 0-0 10. Re1 h6 11. Bh4 Qc7 12. c4 a6 13. a3 b5 14. b3 Rab8 15. Rb1 a5 16. Bg3 a4 17. e5 Nd7 18. exd6 Bxd6 19. Bxd6 Qxd6 20. Nf1 bxc4 21. bxc4 Rxb1 22. Qxb1 Bxf3 23. gxf3 Rb8 24. Qd1 Rb3 25. Re3 Qd4 26. Ng3 Rxa3 27. Ne2 Qb2 28. Kg2 Ra1 29. Nc1 a3 30. Re2 Rxc1 31. Qd2 Qb1 32. Kg3 Rg1+ 33. Kf4 Qb8+ 0-1

[Event "FICGS class E 000113 email"]
[Site "FICGS email"]
[Date "2009.09.29"]
[Round "1"]
[White "Benoit, Sebastien"]
[Black "Budnar, Milos"]
[Result "1-0"]
[WhiteElo "1392"]
[BlackElo "1394"]
[PlyCount "39"]
[EventDate "2009.??.??"]
[EventType "tourn (corr)"]
[EventRounds "5"]
[SourceTitle "Corr 2022"]
[Source "ChessBase"]
[SourceDate "2021.10.24"]
[SourceVersion "1"]
[SourceVersionDate "2021.10.24"]
[SourceQuality "1"]

1. e4 e5 2. Nf3 Nc6 3. Bb5 a6 4. Ba4 Nf6 5. d4 b5 6. Bb3 Nxd4 7. Nxd4 exd4 8. e5 Ne4 9. Bd5 c6 10. Bxe4 Bc5 11. 0-0 Qe7 12. Bd3 Bb7 13. Re1 0-0-0 14. a4 Bb4 15. c3 dxc3 16. bxc3 Ba5 17. axb5 Bb6 18. bxa6 Ba8 19. a7 Qc5 20. Be3 1-0